00486nam a22001817a 4500010001500000020001000015035001300025037001500038082001100053100002400064245004000088260004600128270004800174300003000222650002400252650002500276700000300301 aENG-100763 c60.00 aEN-84296 bDBAD / PUB a954.31 aR. Lakshminarayanan aChettinad /cby R. Lakshminarayanan aKaraikudibSevarkotiyon Publicationc2008 aSevarkotiyon PublicationbKaraikudie630006 aV.2. 112 p. c24cm (Pbk)  aHistory of chettiad aHistory of Tamilnadu